[Event "Capablanca"]
[Site "Charlesbourg"]
[Date "2015.01.26"]
[Round "4"]
[White "Leblanc Legault, Mathieu"]
[Black "Remillard, Sebastien"]
[Result "1-0"]
[WhiteElo "1591"]
[BlackElo "1275"]
[PlyCount "129"]
[EventDate "2015.01.05"]
[EventType "swiss"]
[EventRounds "5"]
[EventCountry "CAN"]
[SourceTitle "EXT 2019"]
[Source "ChessBase"]
[SourceDate "2018.10.10"]
[SourceVersion "1"]
[SourceVersionDate "2018.10.10"]
[SourceQuality "1"]

1. d4 e6 2. c4 d5 3. e3 Nf6 4. Nf3 Be7 5. Be2 dxc4 6. Bxc4 0-0 7. Nc3 c5 8. 0-0 cxd4 9. Nxd4 Qc7 10. Bd3 a6 11. a3 Rd8 12. Qc2 e5 13. Nf5 Bxf5 14. Bxf5 g6 15. Bh3 Nd5 16. e4 Nxc3 17. bxc3 Nc6 18. Be3 Na5 19. f4 Bc5 20. Qf2 Bxe3 21. Qxe3 Nc4 22. Qg3 Qc5+ 23. Kh1 Ne3 24. Rf3 exf4 25. Qxf4 Qxc3 26. Qxf7+ Kh8 27. Rg1 Rf8 28. Qxb7 Rae8 29. Rxf8+ Rxf8 30. Qe7 Qf6 31. Qxf6+ Rxf6 32. Re1 Nc2 33. e5 Rb6 34. Rc1 Kg7 35. g3 Rc6 36. Bd7 Rc4 37. a4 a5 38. e6 Kf6 39. Rf1+ Ke7 40. Rf7+ Kd6 41. Rxh7 Nd4 42. Bb5 Rc1+ 43. Kg2 Kxe6 44. Bd7+ Ke5 45. Be8 g5 46. Ra7 Rc5 47. Bb5 Nxb5 48. axb5 Rxb5 49. Kh3 Kf5 50. Rf7+ Kg6 51. Ra7 Kf5 52. Ra6 Re5 53. Kg2 Re2+ 54. Kg1 Ra2 55. h3 Ra3 56. Kf2 Ra2+ 57. Kg1 Ra3 58. g4+ Kf4 59. Rf6+ Ke5 60. Rf5+ Ke4 61. Rxg5 a4 62. Ra5 Kf4 63. g5 Rg3+ 64. Kh2 a3 65. Ra4+ 1-0

[Event "Charlesbourg Olympiade"]
[Site "Charlesbourg"]
[Date "2014.12.15"]
[Round "6"]
[White "Belzil, Claude"]
[Black "Remillard, Sebastien"]
[Result "1-0"]
[WhiteElo "1293"]
[BlackElo "1214"]
[PlyCount "71"]
[EventDate "2014.11.10"]
[EventType "swiss"]
[EventRounds "6"]
[EventCountry "CAN"]
[SourceTitle "EXT 2022"]
[Source "ChessBase"]
[SourceDate "2021.10.06"]
[SourceVersion "1"]
[SourceVersionDate "2021.10.06"]
[SourceQuality "1"]

1. c4 e6 2. Nc3 d5 3. b3 d4 4. Ne4 f5 5. Ng3 Nf6 6. d3 Be7 7. e3 Nc6 8. a3 0-0 9. Bb2 e5 10. Nf3 f4 11. exf4 Bg4 12. fxe5 Nxe5 13. Be2 Nxf3+ 14. Bxf3 Bxf3 15. Qxf3 Rb8 16. 0-0 c5 17. Rfe1 Nd7 18. Qd5+ Kh8 19. Nf5 Nf6 20. Qxd8 Bxd8 21. Re6 Ng8 22. Nd6 Nh6 23. h3 Bf6 24. Rae1 b6 25. Bc1 g5 26. Ne4 Rbe8 27. Nxf6 Rxf6 28. Rxe8+ Kg7 29. Bxg5 Rf7 30. R1e6 Ng8 31. b4 h6 32. Bh4 cxb4 33. axb4 Nf6 34. Bxf6+ Rxf6 35. Rxf6 Kxf6 36. c5 1-0

[Event "Charlesbourg Olympiade"]
[Site "Charlesbourg"]
[Date "2014.12.08"]
[Round "5"]
[White "Remillard, Sebastien"]
[Black "Cote, Frederic"]
[Result "1-0"]
[WhiteElo "1214"]
[BlackElo "1170"]
[PlyCount "59"]
[EventDate "2014.11.10"]
[EventType "swiss"]
[EventRounds "6"]
[EventCountry "CAN"]
[SourceTitle "EXT 2022"]
[Source "ChessBase"]
[SourceDate "2021.10.06"]
[SourceVersion "1"]
[SourceVersionDate "2021.10.06"]
[SourceQuality "1"]

1. d4 Nf6 2. c4 c5 3. d5 e6 4. Nc3 exd5 5. cxd5 d6 6. Bg5 Nbd7 7. Nf3 Be7 8. Qc2 h6 9. Bh4 Ne5 10. Nxe5 dxe5 11. e4 a6 12. a4 Qc7 13. Be2 Ng8 14. Bg3 Bg5 15. 0-0 Nf6 16. h4 Bf4 17. Bxf4 exf4 18. f3 g5 19. Rad1 Qd6 20. Bc4 g4 21. Rfe1 Qe5 22. Qf2 b6 23. d6 gxf3 24. Qxf3 Bg4 25. d7+ Bxd7 26. Nd5 Bg4 27. Nxf6+ Qxf6 28. Qxg4 Qxb2 29. Qd7+ Kf8 30. Qxf7# 1-0